• 首页
  • 本馆介绍
  • 公告通知
  • 最新文献
  • 馆藏检索
  • 电子资源
  • 读者导购
  • 参考咨询
  • 我的图书馆
  • 登录
  • 详细信息显示
  • 放入我的书架
  • 预约/预借图书
  • 作者相关作品
  • 分类相关作品
  • 丛书相关作品
  • 出版社相关作品

书目信息

  • 表格格式
  • 工作单格式
  • 卡片格式
题名:
海湾战争新闻摄影集
    
 
作者: ;世界知识画报编辑部 编
分册: 1  
出版信息: 北京   世界知识出版社  1991.3
页数: 47页
开本: 26cm
丛书名:
单 册:
中图分类: D737.0
科图分类:
主题词: 海湾战争(1991)-摄影集 , 政治 , 摄影集-海湾战争(1991)
电子资源:
ISBN: 7-5012-0379-2
000 00736nam 2200229 45
001 0191015581
005 20060525103932.28
010    @a7-5012-0379-2@dCNY3.60
100    @a19910618d1991 em y0chiy0121 ea
101 0  @achi
102    @aCN@b110000
105    @aa z 000yy
200 10 @a海湾战争新闻摄影集@AHAI WAN ZHAN ZHENG XIN WEN SHE YING JI@h1@f《世界知识画报》编辑部编@F《 SHI JIE ZHI SHI HUA BAO 》 BIAN JI BU BIAN
210    @a北京@c世界知识出版社@d1991.3
215    @a47页@c照片@d26cm
606    @a海湾战争(1991)-摄影集
606 0  @a政治
606    @a摄影集-海湾战争(1991)
690    @aD737.0
711 02 @a世界知识画报编辑部@ASHI JIE ZHI SHI HUA BAO BIAN JI BU@4编
801  0 @aCN@bNLC@c20060525
905    @dD737.0@e149:1
    
    海湾战争新闻摄影集.1/《世界知识画报》编辑部编.-北京:世界知识出版社,1991.3
    47页:照片;26cm
    
    
    ISBN 7-5012-0379-2:CNY3.60
    
●
相关链接 在E读中查询图书 在五车中查询图书 在当当中查询图书 在豆瓣中查询图书


正题名:海湾战争新闻摄影集     索取号:D737.0/149:1         预约/预借

序号 登录号 条形码 馆藏地/架位号 状态 备注
1 0237646   001017884   第一借阅区/ [索取号:D737.0/149:1] 在馆    
2 0237647   001017875   密集书库/ [索取号:D737.0/149:1] 在馆    
3 0237648   202382000   密集书库/ [索取号:D737.0/149:1] 在馆    
4 0237650   202348557   密集书库/ [索取号:D737.0/149:1] 在馆    
5 0242428   202176518   密集书库/ [索取号:D737.0/149:1] 在馆    
6 0242429   202348637   密集书库/ [索取号:D737.0/149:1] 在馆    
7 0242430   001017866   密集书库/ [索取号:D737.0/149:1] 在馆    
8 0242431   202348593   密集书库/ [索取号:D737.0/149:1] 在馆    
9 0242432   202348673   密集书库/ [索取号:D737.0/149:1] 在馆    
唐山师范学院图书馆 欢迎您!
大连网信软件有限公司© 版权所有